The facts on rats / (Record no. 9345)

MARC details
000 -LEADER
fixed length control field 01436cam a2200397 a 4500
001 - CONTROL NUMBER
control field 9345
003 - CONTROL NUMBER IDENTIFIER
control field FISKH
005 - DATE AND TIME OF LATEST TRANSACTION
control field 20260106084830.0
008 - FIXED-LENGTH DATA ELEMENTS--GENERAL INFORMATION
fixed length control field 100405s2011 flua j b 001 0 eng
010 ## - LIBRARY OF CONGRESS CONTROL NUMBER
LC control number 2010012384
020 ## - INTERNATIONAL STANDARD BOOK NUMBER
International Standard Book Number 9781615902477
Qualifying information alk. paper
020 ## - INTERNATIONAL STANDARD BOOK NUMBER
International Standard Book Number 1615902473
Qualifying information alk. paper
020 ## - INTERNATIONAL STANDARD BOOK NUMBER
International Standard Book Number 9781615904877
Qualifying information pbk.
020 ## - INTERNATIONAL STANDARD BOOK NUMBER
International Standard Book Number 9781615904877
020 ## - INTERNATIONAL STANDARD BOOK NUMBER
International Standard Book Number 1615904875
Qualifying information pbk.
035 ## - SYSTEM CONTROL NUMBER
System control number 16172249
040 ## - CATALOGING SOURCE
Original cataloging agency DLC
Transcribing agency DLC
Modifying agency DLC
Language of cataloging eng
050 00 - LIBRARY OF CONGRESS CALL NUMBER
Classification number SF459.R3
Item number A76 2011
082 00 - DEWEY DECIMAL CLASSIFICATION NUMBER
Classification number 636.935/2
Edition number 22
100 1# - MAIN ENTRY--PERSONAL NAME
Personal name Armentrout, David,
Dates associated with a name 1962-
245 14 - TITLE STATEMENT
Title The facts on rats /
Statement of responsibility, etc. David and Patricia Armentrout.
260 ## - PUBLICATION, DISTRIBUTION, ETC.
Place of publication, distribution, etc. Vero Beach :
Name of publisher, distributor, etc. Rourke,
Date of publication, distribution, etc. 2011.
300 ## - PHYSICAL DESCRIPTION
Extent 24 pages :
Other physical details color illustrations ;
Dimensions 20 x 26 cm.
490 1# - SERIES STATEMENT
Series statement Let's talk about pets
504 ## - BIBLIOGRAPHY, ETC. NOTE
Bibliography, etc. note Includes bibliographical references (p. 24) and index.
505 0# - FORMATTED CONTENTS NOTE
Formatted contents note Fancy rats -- Know your rats -- The perfect cage -- Chew, gnaw, and shred -- Pet rat diet -- Health concerns -- Beyond the basics.
520 ## - SUMMARY, ETC.
Summary, etc. The perfect introduction to being a pet owner for the child ready to get a rat.<br/>
650 #0 - SUBJECT ADDED ENTRY--TOPICAL TERM
Topical term or geographic name entry element Rats as pets
Form subdivision Juvenile literature.
650 #1 - SUBJECT ADDED ENTRY--TOPICAL TERM
Topical term or geographic name entry element Rats as pets.
655 #7 - INDEX TERM--GENRE/FORM
Genre/form data or focus term Literature.
Source of term lcgft
Authority record control number or standard number https://id.loc.gov/authorities/genreForms/gf2014026415
700 1# - ADDED ENTRY--PERSONAL NAME
Personal name Armentrout, Patricia,
Dates associated with a name 1960-
830 #0 - SERIES ADDED ENTRY--UNIFORM TITLE
Uniform title Let's talk about pets
906 ## - LOCAL DATA ELEMENT F, LDF (RLIN)
a 7
b cbc
c orignew
d 1
e ecip
f 20
g y-gencatlg
942 ## - ADDED ENTRY ELEMENTS (KOHA)
Source of classification or shelving scheme Dewey Decimal Classification
Koha item type Books
Suppress in OPAC No
Holdings
Withdrawn status Lost status Source of classification or shelving scheme Damaged status Not for loan Collection Home library Current library Shelving location Date acquired Total Checkouts Full call number Barcode Date last seen Copy number Price effective from Koha item type
    Dewey Decimal Classification     Non-Fiction Footprints International School Library Network Toul Tom Poung Campus Footprints International School Library Network Toul Tom Poung Campus TTP Secondary Non-Fiction Bookshelves 12/11/2025   ARM 636.935 SF459.R3 A76 FIS03019 12/11/2025 1 12/11/2025 Books